Normal view MARC view

Entry Nombre corporativo

Number of records used in: 1

001 - NÚMERO DE CONTROL

  • campo de control: 8369

003 - IDENTIFICADOR DE NÚMERO DE CONTROL

  • campo de control: OSt

005 - FECHA Y HORA DE LA ÚLTIMA TRANSACCIÓN

  • campo de control: 20221005155310.0

008 - ELEMENTOS DE DATO DE LONGITUD-FIJA

  • campo de control de longitud fija: 221005|| aca||aabn | a|a d

040 ## - FUENTE DE CATALOGACIÓN

  • Centro catalogador/agencia de origen: OSt
  • Centro/agencia transcriptor: OSt

110 ## - ENCABEZAMIENTO-NOMBRE DE ENTIDAD CORPORATIVA

  • Nombre de entidad corporativa o nombre de jurisdicción como elemento de entrada: CONFERENCIA MUNDIAL SOBRE LAS MUJERES
  • Número del congreso/reunión o número de parte o sección:
  • Fecha del congreso o de la firma del tratado: 1995
  • Sede del congreso/Lugar de la reunión: Beijing

670 ## - FUENTE DE DATOS ENCONTRADOS

  • Cita de la fuente: Work cat.: (OSt)8365: CONFERENCIA MUNDIAL SOBRE LAS MUJERES 4ª 1995 Beijing, Declaración de Beijing y plataforma para la acción :, D.L. 1996

Powered by Koha